000 01459nam a2200409 a 4500
005 20200104041530.0
008 140304s2000 ck a fr|||| 000 0 spa d
020 _a9589687822
040 _aCO-BoIAVH
_cCO-BoIAVH
041 0 _aspa
044 _ack
082 0 4 _a333.956492
_bA28b1
100 1 _aAgudelo Córdoba, Edwin
245 _aBagres de la Amazonia colombiana :
_bun recurso sin fronteras
260 _aBogotá :
_bSINCHI,
_c2000.
300 _a253 páginas :
_bIlustraciones (algunas a color), mapas, gráficos, fotografias ;
_c24 x 17 cm.
504 _aIncluye referencias bibliográficas páginas 225-248.
650 1 6 _aBagres
650 2 6 _aRecursos hidrobiológicos
650 2 6 _aPeces
650 2 6 _aPesca
650 2 6 _aBiodiversidad
650 2 6 _aVedas y prohibiciones
650 2 6 _aAmazonia
662 _aColombia
_bAmazonas
700 1 _aNúñez Avellaneda, Marcela
700 1 _aSalinas Coy, Yolanda
700 1 _aSánchez Páez, Claudia Liliana
700 1 _aMuñoz Sosa, Diego Luis
700 1 _aAlonso González, Juan Carlos
700 1 _aArteaga Díaz, Martha Eddy
700 1 _aRodríguez Prieto, Oscar Julio
700 1 _aAnzola Potes, Nestor Raúl
700 1 _aAcosta Muñoz, Luis Eduardo
710 2 _aInstituto Amazónico de Investigaciones Cientificas
942 _cLIBRO
_2ddc
999 _c2235
_d2235